League Two 25/26 - Statistics

General Stats
  • This quiz has been taken 11 times
  • The average score is 17 of 24
Answer Stats
Hint Answer % Correct
5 Bromley
100%
1 Accrington
75%
2 Barnet
75%
3 Barrow
75%
4 Bristol Rovers
75%
6 Cambridge
75%
7 Cheltenham
75%
8 Chesterfield
75%
10 Crawley
75%
11 Crewe
75%
12 Fleetwood
75%
13 Gillingham
75%
14 Grimsby
75%
15 Harrogate
75%
17 Newport
75%
19 Oldham
75%
22 Swindon
75%
23 Tranmere
75%
24 Walsall
75%
9 Colchester
50%
16 Milton Keynes Dons
50%
18 Notts County
50%
20 Salford
50%
21 Shrewsbury
50%
No matching quizzes found
Score Distribution
Percent of People with Each Score
Percentile by Number Answered
Your Score History
You have not taken this quiz